banner-ar

استراتيجية التصدير الزراعى المصرى فى افريقيا / (Record no. 7854)

MARC details
000 -الفاتح
حقل البيانات ثابتة الطول 00824nam a2200241Ia 4500
005 - وقت وتاريخ اخر تعامل مع التسجيلة
رقم الضبط 20240530095510.0
008 - عناصر البيانات ثابتة الطول - معلومات عامة
حقل البيانات ثابتة الطول 140319s9999 xx 000 0 ara d
040 ## - مصدر الفهرسة
وكالة الفهرسة الأصلية GCL /
وكالة النسخ GCL
082 04 - رقم تصنيف ديوى العشرى
رقم التصنيف 382.61962
رقم المادة ق/ن ا
100 1# - المدخل الرئيسى - إسم شخصى
الإسم الشخصى نيفين حسين شمت
245 10 - بيان العنوان
العنوان استراتيجية التصدير الزراعى المصرى فى افريقيا /
بيان المسئوليه,etc نيفين حسين شمت
250 ## - بيان الطبعة
بيان الطبعة الاولى
260 ## - PUBLICATION, DISTRIBUTION, ETC. (IMPRINT)
تاريخ النشر أو التوزيع 2005
300 ## - الوصف المادى
التعداد 61 ص ؛
أبعاد الوعاء 24 سم
490 ## - بيان السلسلة
عنوان السلسلة كتاب الاهرام الاقتصادى
رقم المجلد/ التعيين التسلسلي 217
650 04 - المدخل الاضافى بالموضوع-مصطلح موضوعى
مصطلح موضوعي التجارة الخارجية
650 04 - المدخل الاضافى بالموضوع-مصطلح موضوعى
مصطلح موضوعي الاستيراد
650 04 - المدخل الاضافى بالموضوع-مصطلح موضوعى
مصطلح موضوعي التصدير
650 04 - المدخل الاضافى بالموضوع-مصطلح موضوعى
مصطلح موضوعي الاتفاقيات التجارية
650 04 - المدخل الاضافى بالموضوع-مصطلح موضوعى
مصطلح موضوعي التسويق الدولى
942 ## - عناصر المدخل الإضافي( كوها)
مصدر التصنيف او مخطط الترفيف Dewey Decimal Classification
Koha [default] item type كتاب
260 ## - PUBLICATION, DISTRIBUTION, ETC. (IMPRINT)
-- القاهرة :
-- مؤسسة الاهرام ،
Holdings
حالة التراجع حالة الفقد حالة تلف ليس للاعارة المكان المؤقت الموقع الحالى تاريخ الاكتساب اجمالي اﻻعارات رقم الطلب الباركود تاريخ اخر مشاهدة تاريخ تفعيل السعر نوع وعاء كوها
        مكتبة القاهرة الكبرى مكتبة القاهرة الكبرى 03/26/2014   382.61962 ق/ن ا 16139 03/26/2014 03/26/2014 كتاب

Powered By

EGPV